000 01632cam a2200385 a 4500
999 _c127827
_d127827
001 14969157
003 ARRUPE
005 20180328105304.0
008 070816s2008 dcua b i001 0 eng
010 _a 2007033387
020 _a9780821372913
020 _a0821372912
020 _a9780821372920 (electronic)
020 _a0821372920 (electronic)
035 _a(OCoLC)ocn165478540
035 _a(OCoLC)165478540
040 _aDLC
_cDLC
_dBAKER
_dBTCTA
_dYDXCP
_dC#P
_dDLC
043 _ad------
050 0 0 _aHG195
_b.D46 2007
082 0 0 _a332.109172/4
_222
100 1 _aDemirgüç-Kunt, Aslı,
_d1961-
_941149
245 1 0 _aFinance for all? :
_bpolicies and pitfalls in expanding access /
_c Asli Demirgüç-Kunt, Thorsten Beck, and Patrick Honohan
260 _aWashington, D.C. :
_bWorld Bank,
_cc2007.
300 _axv, 246 p. :
_c24 cm.
440 2 _aA World Bank policy research report
_941150
500 _aStatement of responsibility from p. xiii.
504 _aIncludes bibliographical references (p. 213-235) and index.
650 0 _aFinancial services industry
_zDeveloping countries.
_941151
650 0 _aBanks and banking
_zDeveloping countries.
_941152
700 1 _aBeck, Thorsten.
_941153
700 1 _aHonohan, Patrick.
_941154
710 2 _aWorld Bank.
_910370
856 4 1 _3Table of contents
_uhttp://www.loc.gov/catdir/toc/fy0803/2007033387.html
906 _a7
_bcbc
_corignew
_d1
_eecip
_f20
_gy-gencatlg
942 _2lcc
_cMONOGRAPH